[Event "Villa Martelli ProAm op 23rd"]
[Site "Villa Martelli"]
[Date "2016.11.25"]
[Round "7"]
[White "Juarez, Carlos Eleodoro"]
[Black "Fabrega, Enrique"]
[Result "1-0"]
[WhiteElo "2067"]
[BlackElo "2168"]
[PlyCount "93"]
[EventDate "2016.11.20"]
[EventType "swiss"]
[EventRounds "9"]
[EventCountry "ARG"]
[SourceTitle "CBM 175 Extra"]
[Source "ChessBase"]
[SourceDate "2016.12.12"]
[SourceVersion "1"]
[SourceVersionDate "2016.12.12"]
[SourceQuality "1"]

1. e4 g6 2. d4 d6 3. Be3 Bg7 4. Nc3 Nf6 5. Qd2 Ng4 6. Bg5 h6 7. Bh4 c6 8. h3 Nf6 9. f3 Qa5 10. a3 b5 11. Bf2 Nbd7 12. Nge2 Bb7 13. Nc1 Qd8 14. Be2 a6 15. 0-0 0-0 16. b4 Rc8 17. Nb3 e5 18. dxe5 Nxe5 19. Rad1 Ne8 20. f4 Nd7 21. e5 Qc7 22. Ne4 d5 23. Nec5 Kh7 24. Nxd7 Qxd7 25. Bg4 Qd8 26. Bxc8 Bxc8 27. Bc5 Rg8 28. Nd4 Bd7 29. Rde1 Nc7 30. f5 Re8 31. Bd6 Rg8 32. fxg6+ fxg6 33. e6 Be8 34. Be5 Qe7 35. Bxg7 Rxg7 36. Qc3 Qd6 37. Rf6 Na8 38. Nb3 Qe7 39. Ref1 Nb6 40. Qc5 Nc4 41. Qxe7 Rxe7 42. Nc5 Nd6 43. R6f4 Kg7 44. Re1 g5 45. Rf2 Bg6 46. Ref1 Nc4 47. Rf8 1-0

[Event "Villa Martelli ProAm op 23rd"]
[Site "Villa Martelli"]
[Date "2016.11.20"]
[Round "2"]
[White "Tempone, Marcelo"]
[Black "Juarez, Carlos Eleodoro"]
[Result "1-0"]
[WhiteElo "2366"]
[BlackElo "2067"]
[PlyCount "81"]
[EventDate "2016.11.20"]
[EventType "swiss"]
[EventRounds "9"]
[EventCountry "ARG"]
[SourceTitle "CBM 175 Extra"]
[Source "ChessBase"]
[SourceDate "2016.12.12"]
[SourceVersion "1"]
[SourceVersionDate "2016.12.12"]
[SourceQuality "1"]

1. d4 d5 2. c4 c6 3. Nf3 Nf6 4. Nc3 a6 5. cxd5 cxd5 6. Bf4 Nc6 7. e3 Bf5 8. Rc1 Rc8 9. Be2 e6 10. 0-0 Bd6 11. Bxd6 Qxd6 12. Na4 Nd7 13. Qb3 b5 14. Nc5 Nxc5 15. Rxc5 0-0 16. Qa3 Nb8 17. Rfc1 Rxc5 18. Qxc5 Qxc5 19. Rxc5 f6 20. h3 Bb1 21. Nd2 Bg6 22. Bg4 f5 23. Be2 Be8 24. Rc7 Bd7 25. Nb3 Rc8 26. Ra7 Rc6 27. Nc5 Bc8 28. g4 e5 29. Ra8 exd4 30. exd4 Rb6 31. Bf3 fxg4 32. Bxd5+ Kf8 33. Bb7 Bxb7 34. Rxb8+ Ke7 35. hxg4 Rg6 36. Rxb7+ Kd6 37. Rb6+ Kd5 38. Rxg6 hxg6 39. Nb3 a5 40. Nxa5 Kxd4 41. Kg2 1-0

[Event "Buenos Aires Rubinstein Memorial 26th"]
[Site "Buenos Aires"]
[Date "2016.08.11"]
[Round "7"]
[White "Juarez, Carlos Eleodoro"]
[Black "Godoy, Carlos"]
[Result "0-1"]
[WhiteElo "2071"]
[BlackElo "2074"]
[PlyCount "69"]
[EventDate "2016.08.06"]
[EventType "swiss"]
[EventRounds "8"]
[EventCountry "ARG"]
[SourceTitle "CBM 174 Extra"]
[Source "ChessBase"]
[SourceDate "2016.10.10"]
[SourceVersion "1"]
[SourceVersionDate "2016.10.10"]
[SourceQuality "1"]

1. e4 c5 2. Nf3 Nc6 3. d4 cxd4 4. Nxd4 g6 5. Nc3 Bg7 6. Be3 Nf6 7. Bc4 0-0 8. Bb3 d6 9. f3 Bd7 10. Qd2 Nxd4 11. Bxd4 b5 12. Nd5 Nxd5 13. Bxg7 Kxg7 14. Bxd5 Rc8 15. g4 e6 16. Bb3 Qh4+ 17. Qf2 Qxf2+ 18. Kxf2 a5 19. c3 a4 20. Bd1 a3 21. Rb1 axb2 22. Rxb2 Rxc3 23. Be2 Bc6 24. Rd1 d5 25. exd5 Bxd5 26. Rd3 Rxd3 27. Bxd3 Ra8 28. Bxb5 Ra3 29. Be2 g5 30. Kg3 Kg6 31. Bd1 Bxa2 32. h4 h6 33. hxg5 hxg5 34. Rd2 Bd5 35. Be2 0-1

[Event "Buenos Aires Duchamp op 1st"]
[Site "Buenos Aires"]
[Date "2011.09.20"]
[Round "7"]
[White "Juarez, Carlos Eleodoro"]
[Black "Pascual, Diego Nicolas"]
[Result "1/2-1/2"]
[WhiteElo "2050"]
[BlackElo "1974"]
[PlyCount "106"]
[EventDate "2011.09.12"]
[EventType "swiss"]
[EventRounds "9"]
[EventCountry "ARG"]
[SourceTitle "EXT 2014"]
[Source "ChessBase"]
[SourceDate "2013.11.20"]
[SourceVersion "1"]
[SourceVersionDate "2013.11.20"]
[SourceQuality "1"]

1. e4 Nf6 2. e5 Nd5 3. d4 d6 4. c4 Nb6 5. f4 dxe5 6. fxe5 c5 7. d5 e6 8. Nc3 exd5 9. cxd5 c4 10. Qd4 Nc6 11. Qe4 Nb4 12. d6 g6 13. Nb5 Bf5 14. Qxb7 Nc2+ 15. Kd1 Rc8 16. g4 Bd7 17. Nxa7 Nxa1 18. Nf3 Bxg4 19. Nxc8 Qxc8 20. Qxc8+ Bxc8 21. Be3 Bb7 22. Be2 Nd5 23. Bd2 Bg7 24. Rf1 Nb6 25. Ba5 Bxf3 26. Bxf3 Nd7 27. Bc3 Bxe5 28. Bc6 Bxc3 29. bxc3 Kd8 30. Kd2 Ne5 31. Ba4 Kc8 32. Rxa1 Rd8 33. d7+ Kc7 34. Rf1 f5 35. Rf4 Kb6 36. Rd4 Ka5 37. Rd5+ Kxa4 38. Rxe5 Rxd7+ 39. Ke2 Rc7 40. h4 Rf7 41. Kd2 Ka3 42. Kc2 Ka4 43. Rc5 f4 44. Rxc4+ Kb5 45. Rb4+ Kc5 46. Kd2 h6 47. a4 f3 48. Ke1 g5 49. hxg5 hxg5 50. Kf2 Rf6 51. a5 Ra6 52. Rg4 Rxa5 53. Rxg5+ Kb6 1/2-1/2

[Event "Buenos Aires Duchamp op 1st"]
[Site "Buenos Aires"]
[Date "2011.09.18"]
[Round "6"]
[White "Villanueva, Mario Nicolas"]
[Black "Juarez, Carlos Eleodoro"]
[Result "1-0"]
[WhiteElo "2378"]
[BlackElo "2050"]
[PlyCount "51"]
[EventDate "2011.09.12"]
[EventType "swiss"]
[EventRounds "9"]
[EventCountry "ARG"]
[SourceTitle "CBM 144 Extra"]
[Source "ChessBase"]
[SourceDate "2011.10.28"]
[SourceVersion "1"]
[SourceVersionDate "2011.10.28"]
[SourceQuality "1"]

1. e4 c5 2. Nf3 e6 3. c3 d5 4. exd5 Qxd5 5. d4 Nc6 6. Na3 a6 7. Nc4 Qd8 8. Be3 b5 9. Nce5 Qc7 10. Nxc6 Qxc6 11. dxc5 Bxc5 12. Ne5 Qc7 13. Nxf7 Nf6 14. Nxh8 Bxe3 15. fxe3 Bb7 16. Qb3 Bd5 17. Qb4 Ne4 18. Bd3 Qb7 19. Bxe4 Bxe4 20. 0-0 0-0-0 21. Rf8 Qd5 22. Rxd8+ Kxd8 23. Nf7+ Kc7 24. Qe7+ Kc6 25. Nd8+ Kb6 26. Qxe6+ 1-0

[Event "Buenos Aires Duchamp op 1st"]
[Site "Buenos Aires"]
[Date "2011.09.15"]
[Round "4"]
[White "Fabrega, Enrique"]
[Black "Juarez, Carlos Eleodoro"]
[Result "1/2-1/2"]
[WhiteElo "2198"]
[BlackElo "2050"]
[PlyCount "43"]
[EventDate "2011.09.12"]
[EventType "swiss"]
[EventRounds "9"]
[EventCountry "ARG"]
[SourceTitle "EXT 2014"]
[Source "ChessBase"]
[SourceDate "2013.11.20"]
[SourceVersion "1"]
[SourceVersionDate "2013.11.20"]
[SourceQuality "1"]

1. Nf3 d5 2. d4 c6 3. g3 Bf5 4. Bg2 e6 5. c4 Nd7 6. Qb3 Qb6 7. Qxb6 axb6 8. cxd5 exd5 9. Nc3 Ngf6 10. 0-0 Be7 11. Ne1 b5 12. f3 b4 13. Nd1 h6 14. Nf2 Be6 15. Ned3 0-0 16. Bd2 b6 17. Bxb4 c5 18. Bc3 Rfc8 19. a3 cxd4 20. Bxd4 Nc5 21. Rfd1 Nfd7 22. Nf4 1/2-1/2

[Event "Buenos Aires Duchamp op 1st"]
[Site "Buenos Aires"]
[Date "2011.09.13"]
[Round "2"]
[White "Quenallata, Luciano"]
[Black "Juarez, Carlos Eleodoro"]
[Result "1-0"]
[WhiteElo "2221"]
[BlackElo "2050"]
[PlyCount "60"]
[EventDate "2011.09.12"]
[EventType "swiss"]
[EventRounds "9"]
[EventCountry "ARG"]
[SourceTitle "EXT 2014"]
[Source "ChessBase"]
[SourceDate "2013.11.20"]
[SourceVersion "1"]
[SourceVersionDate "2013.11.20"]
[SourceQuality "1"]

1. e4 c5 2. Nc3 e6 3. g3 Nc6 4. Bg2 a6 5. a4 g6 6. f4 Bg7 7. Nf3 d6 8. d3 Nge7 9. Be3 Nd4 10. 0-0 Rb8 11. Rb1 Nec6 12. Ne2 Nxf3+ 13. Bxf3 Nd4 14. Bg2 b5 15. axb5 Rxb5 16. c3 Nxe2+ 17. Qxe2 0-0 18. e5 Bb7 19. d4 Bxg2 20. Qxg2 cxd4 21. Bxd4 dxe5 22. fxe5 Qc7 23. Qe4 Rd8 24. Ra1 Qb7 25. Qxb7 Rxb7 26. b4 Bf8 27. Rfb1 h5 28. Kf2 Bg7 29. Ke3 g5 30. Ke4 Rd5 1-0

[Event "Villa Martelli Pro Am op 16th"]
[Site "Villa Martelli"]
[Date "2009.10.20"]
[Round "5"]
[White "Rasgido, Alejandro"]
[Black "Juarez, Carlos Eleodoro"]
[Result "0-1"]
[WhiteElo "2002"]
[BlackElo "2123"]
[PlyCount "61"]
[EventDate "2009.10.15"]
[EventType "swiss"]
[EventRounds "9"]
[EventCountry "ARG"]
[SourceTitle "CBM 132 Extra"]
[Source "ChessBase"]
[SourceDate "2009.11.03"]
[SourceVersion "1"]
[SourceVersionDate "2009.11.03"]
[SourceQuality "1"]

1. d4 d5 2. Bg5 c6 3. e3 Qb6 4. Qc1 Bf5 5. Nf3 e6 6. a3 Nd7 7. c4 Qc7 8. Nc3 Ngf6 9. b4 a6 10. c5 Be7 11. Be2 e5 12. Nxe5 Nxe5 13. Bf4 Nfd7 14. dxe5 Nxe5 15. Qd2 Bg6 16. Bg3 f5 17. 0-0 Bf7 18. a4 0-0 19. Bd3 g6 20. Ne2 Bf6 21. Nd4 Rfc8 22. Rfc1 Qe7 23. b5 axb5 24. axb5 Rxa1 25. Rxa1 Nxd3 26. Qxd3 Qxc5 27. bxc6 bxc6 28. Qd2 Qb6 29. Qd1 c5 30. Rb1 Qd8 31. Nb5 0-1

[Event "Villa Martelli Pro Am op 15th"]
[Site "Villa Martelli"]
[Date "2008.10.18"]
[Round "9"]
[White "Malbran, Guillermo"]
[Black "Juarez, Carlos Eleodoro"]
[Result "1/2-1/2"]
[WhiteElo "2247"]
[BlackElo "2142"]
[PlyCount "45"]
[EventDate "2008.10.10"]
[EventType "swiss"]
[EventRounds "9"]
[EventCountry "ARG"]
[SourceTitle "CBM 126 Extra"]
[Source "ChessBase"]
[SourceDate "2008.11.05"]
[SourceVersion "1"]
[SourceVersionDate "2008.11.05"]
[SourceQuality "1"]

1. e4 c5 2. Nf3 e6 3. Nc3 Nc6 4. Bb5 d6 5. d4 cxd4 6. Qxd4 Bd7 7. Bxc6 bxc6 8. 0-0 e5 9. Qd3 Be7 10. b3 Qc7 11. Rd1 Bg4 12. h3 Bxf3 13. Qxf3 Nf6 14. Na4 0-0 15. c4 Nd7 16. Ba3 Rfd8 17. Bc1 Nf8 18. Be3 Ne6 19. Rac1 Bg5 20. Rc2 Rd7 21. Qe2 Bxe3 22. fxe3 Rad8 23. Rd3 1/2-1/2

[Event "Villa Martelli Pro Am op 14th"]
[Site "Villa Martelli"]
[Date "2007.10.13"]
[Round "4"]
[White "Amed, Stephanie"]
[Black "Juarez, Carlos Eleodoro"]
[Result "1-0"]
[WhiteElo "2082"]
[BlackElo "2180"]
[PlyCount "95"]
[EventDate "2007.10.18"]
[EventType "swiss"]
[EventRounds "9"]
[EventCountry "ARG"]
[SourceTitle "EXT 2008"]
[Source "ChessBase"]
[SourceDate "2007.11.25"]
[SourceVersion "1"]
[SourceVersionDate "2007.11.25"]
[SourceQuality "1"]

1. e4 c5 2. Nf3 e6 3. d4 cxd4 4. Nxd4 a6 5. Bd3 Bc5 6. Nb3 Be7 7. 0-0 d6 8. c4 Nd7 9. Nc3 Ngf6 10. Qe2 0-0 11. f4 Qc7 12. Re1 h5 13. h3 e5 14. f5 b6 15. g4 Bb7 16. g5 Nh7 17. Qxh5 Nc5 18. Nxc5 dxc5 19. Be3 Qd8 20. g6 fxg6 21. fxg6 Nf6 22. Qxe5 Re8 23. Nd5 Bxd5 24. cxd5 Bd6 25. Qf5 Re5 26. Qf3 Rh5 27. e5 Bxe5 28. Bf5 Qd6 29. Be6+ Kh8 30. Qg2 Rd8 31. Rad1 Bg3 32. Rf1 Re8 33. Qf3 Be5 34. Bf4 Rd8 35. Qg3 Bxf4 36. Rxf4 Qe5 37. Re1 Qg5 38. Rf3 Qd2 39. h4 Qd4+ 40. Kg2 Nxd5 41. Ref1 Qe4 42. Kg1 Qd4+ 43. Kg2 Qe4 44. Kg1 Qd4+ 45. R1f2 Ne7 46. Rd3 Nc6 47. Rxd4 Nxd4 48. Qg4 1-0

[Event "LNA Puma Cup"]
[Site "Argentina"]
[Date "2006.09.16"]
[Round "3"]
[White "Lemos, Damian"]
[Black "Juarez, Carlos Eleodoro"]
[Result "1-0"]
[WhiteElo "2383"]
[BlackElo "2146"]
[PlyCount "53"]
[EventDate "2006.09.03"]
[EventType "swiss"]
[EventRounds "8"]
[EventCountry "ARG"]
[SourceTitle "EXT 2008"]
[Source "ChessBase"]
[SourceDate "2007.11.25"]
[SourceVersion "1"]
[SourceVersionDate "2007.11.25"]
[SourceQuality "1"]

1. d4 Nf6 2. c4 c6 3. Nc3 d5 4. e3 Bf5 5. Nf3 e6 6. Nh4 Bg6 7. Qb3 Qb6 8. Nxg6 hxg6 9. Bd2 Nbd7 10. h3 Be7 11. Qc2 0-0 12. cxd5 exd5 13. Bd3 Rfe8 14. a3 a5 15. Rc1 Qa7 16. g4 g5 17. h4 Ne4 18. Bxe4 dxe4 19. hxg5 Bxg5 20. Nxe4 Be7 21. Nc5 Nf8 22. Qf5 Bf6 23. Kf1 Rad8 24. g5 Be7 25. Qh3 f6 26. g6 Nxg6 27. Qh7+ 1-0